Welcome to the Holygrace Academy Library

Please use search bar below to get started

THE BIG BAD WOLF (Record no. 2431)

MARC details
000 -LEADER
fixed length control field 00655nam a22001577a 4500
020 ## - INTERNATIONAL STANDARD BOOK NUMBER
ISBN 0-316-60290-6
082 ## - DEWEY DECIMAL CLASSIFICATION NUMBER
Classification number 823
Item number PAT/B
100 ## - MAIN ENTRY--AUTHOR NAME
Personal name PATTERSON, JAMES
245 ## - TITLE STATEMENT
Title THE BIG BAD WOLF
250 ## - EDITION STATEMENT
Edition statement FIRST EDITION
260 ## - PUBLICATION, DISTRIBUTION, ETC. (IMPRINT)
Place of publication BOSTON
Name of publisher LITTLE, BROWN AND COMPANY
Year of publication 2003
300 ## - PHYSICAL DESCRIPTION
Number of Pages 390
520 ## - SUMMARY, ETC.
Summary, etc Alex Cross battles the most ruthless and powerful killer he has ever encountered--a predator known only as the Wolf. Alex Cross's first case since joining the FBI has his new colleagues stymied. Across the country, men and women are being kidnapped in broad daylight and then disappearing completely.
650 ## - SUBJECT ADDED ENTRY--TOPICAL TERM
Topical Term NOVEL
Geographic subdivision UNITED STATES
942 ## - ADDED ENTRY ELEMENTS (KOHA)
Koha item type Books
Holdings
Withdrawn status Lost status Collection code Home library Current library Shelving location Date acquired Source of acquisition Full call number Accession Number Koha item type
    Reference Main Library Main Library SHELF 1-J-ENGLISH NOVELS FOR TEACHERS 15/10/2011 purchase 823 PAT/B 05606 Books